000 00713nam a2200205Ia 4500
003 GCL
008 140319s9999 xx 000 0 ara d
040 _aGCL /
_cGCL
082 0 4 _a194
_bر م
100 1 _aراوية عبدالمنعم عباس
245 1 0 _aالموقف الفلسفى عند الان وصلته بفن الحياة /
_cراوية عبدالمنعم عباس
300 _a279 ص
490 _aاساطين الفلسفة الحديثة والمعاصرة
_v0
650 0 4 _aالفلسفة
650 0 4 _aالفلسفة العربية
650 0 4 _aالفلسفة الحديثة
650 0 4 _aالفلسفة الغربية
650 0 4 _aالفلسفة الفرنسية
942 _2ddc
_cBK
999 _c49446
_d49446